| 000 | 01646cam a2200253 4500 | ||
|---|---|---|---|
| 002 | 9936 | ||
| 008 | 091216s2007 000 0 eng u | ||
| 020 | _a9781405173247 | ||
| 035 | _a(Sirsi) u119900 | ||
| 041 | _aeng | ||
| 050 | _a333.332 | ||
| 100 | _aSayce, S. | ||
| 245 |
_aReal estate appraisal _b from value and worth _h[electronic resource] |
||
| 260 |
_aOxford _bBlackwell _c2007 |
||
| 300 | _aeBook | ||
| 520 | _aThis eBook charts how real estate professional is changing and aligning itself more closely with the world of business. This book takes a new approach to property appraisal by exploring the pricing mechanism in this changing context. It develops the notion of the pricing mechanism in relation to property, covers practical issues of comparison and the real problems in applying valuation theory, and explores calculations - including social and environmental worth - ignored in other texts. As real estate professionals now advise both on strategic and operational aspects of built assets, they must take into account practices of other investment markets and see investors as competitors to owner-occupiers. Examines the latest techniques of the marketplace; developing an understanding of both market appraisal and worth; and highlighting the emerging role of sustainability as a driver for decision-making in real estate. | ||
| 650 | 2 | 4 | _aEBOOK |
| 690 | _aPROPERTY-PROPERTY VALUATION AND APPRAISAL | ||
| 700 | _aSmith, J. | ||
| 700 | _aCooper, R. | ||
| 700 | _aVenmore-Rowland, Piers | ||
| 856 | 4 | 0 |
_uhttps://www.vlebooks.com/ _zView on VLEbooks. Logins for members only from [email protected] |
| 942 | _n0 | ||
| 999 |
_c102439 _d102439 |
||